000 00663nam a2200217 i 4500
001 23343
003 ES-MaACL
005 20231030183221.0
007 t|
008 021210s1966 sp ||||1| spa d
080 _a930.85
080 _a327(100)"1961/.."
100 1 _aAlvarez Angulo, Tomás.
_920692
245 1 3 _aLa civilización y la guerra
_b: (al hilo de la historia) /
_cTomás Álvarez Angulo.
260 _a[Madrid] :
_bAguilar,
_c[1966]
300 _aXXVIII, 492 p. ;
_c22 cm.
650 4 _aCivilización-
_xHistoria
_911082
650 4 _aPolítica mundial-
_y1955-1965.
_9166115
852 4 _aES-MaACL
_jG-5086
999 _c23343
_d23343